Soldados de Cristo / (Record no. 17207)
[ view plain ]
| 000 -LEADER | |
|---|---|
| campo de control de longitud fija | 00489ntaaa2200169 4500 |
| 003 - IDENTIFICADOR DE NÚMERO DE CONTROL | |
| campo de control | 01 |
| 005 - FECHA Y HORA DE LA ÚLTIMA TRANSACCIÓN | |
| campo de control | 20251027202233.0 |
| 008 - DATOS DE LONGITUD FIJA--INFORMACIÓN GENERAL | |
| campo de control de longitud fija | 0714s1973 ag 01 |
| 040 ## - FUENTE DE CATALOGACIÓN | |
| Centro catalogador/agencia de origen | AR-BaBN |
| Lengua de catalogación | spa |
| Centro/agencia transcriptor | AR-BaBN |
| Normas de descripción | aacr |
| Centro/agencia modificador | RIC |
| 082 ## - NÚMERO DE LA CLASIFICACIÓN DECIMAL DEWEY | |
| Número de clasificación | 268.11 G19 |
| 100 ## - ENTRADA PRINCIPAL--NOMBRE DE PERSONA | |
| Nombre de persona | Garrett, Mary Joe |
| 9 (RLIN) | 20826 |
| 245 ## - MENCIÓN DEL TÍTULO | |
| Título | Soldados de Cristo / |
| Mención de responsabilidad, etc. | Mary Joe Garrett |
| 260 ## - PUBLICACIÓN, DISTRIBUCIÓN, ETC. | |
| Lugar de publicación, distribución, etc. | Río de Janeiro : |
| Nombre del editor, distribuidor, etc. | Junta de Escolas Dominicais, C.P.B., |
| Fecha de publicación, distribución, etc. | 1954 |
| 300 ## - DESCRIPCIÓN FÍSICA | |
| Extensión | 4 v. |
| 500 ## - NOTA GENERAL | |
| Nota general | Material para escuelas bíblicas de vacaciones |
| 942 ## - ELEMENTOS DE ENTRADA SECUNDARIOS (KOHA) | |
| Tipo de ítem Koha | Colección General |
| Estatus retirado | Estado de pérdida | Estado de daño | No para préstamo | Biblioteca de origen | Biblioteca actual | Fecha de adquisición | Número de inventario | Total de préstamos | Signatura topográfica completa | Código de barras | Visto por última vez | Precio de reemplazo | Tipo de ítem Koha |
|---|---|---|---|---|---|---|---|---|---|---|---|---|---|
| Biblioteca Pluis | Biblioteca Pluis | 27/10/2025 | 027765 | 268.11 G19 | 027765 | 27/10/2025 | 27/10/2025 | Colección General | |||||
| Biblioteca Pluis | Biblioteca Pluis | 27/10/2025 | 027766 | 268.11 G19 | 027766 | 27/10/2025 | 27/10/2025 | Colección General | |||||
| Biblioteca Pluis | Biblioteca Pluis | 27/10/2025 | 027767 | 268.11 G19 | 027767 | 27/10/2025 | 27/10/2025 | Colección General | |||||
| Biblioteca Pluis | Biblioteca Pluis | 27/10/2025 | 027768 | 268.11 G19 | 027768 | 27/10/2025 | 27/10/2025 | Colección General |
